000
00229nam a2200097Ia 4500
008
231212s1974 xx 000 0 und d
041
_a
eng
100
_a
Mileat Harry
245
_a
Basic Eletronics
260
_a
Bombay
_b
C.B.S.
_c
1974
999
_c
960671
_d
960671